Dogmagic / (Record no. 2277)

MARC details
000 -LEADER
fixed length control field 01026nam a22002777a 4500
001 - CONTROL NUMBER
control field 2277
003 - CONTROL NUMBER IDENTIFIER
control field FISKH
005 - DATE AND TIME OF LATEST TRANSACTION
control field 20250808145247.0
008 - FIXED-LENGTH DATA ELEMENTS--GENERAL INFORMATION
fixed length control field 231114b cb ||||| |||| 00| 0 eng d
020 ## - INTERNATIONAL STANDARD BOOK NUMBER
International Standard Book Number 9781407135533
040 ## - CATALOGING SOURCE
Original cataloging agency FISKH
Language of cataloging eng
Transcribing agency FISKH
Modifying agency FISKH
050 ## - LIBRARY OF CONGRESS CALL NUMBER
Classification number PZ7
082 ## - DEWEY DECIMAL CLASSIFICATION NUMBER
Classification number 823.92
100 ## - MAIN ENTRY--PERSONAL NAME
Personal name Webb, Holly
245 ## - TITLE STATEMENT
Title Dogmagic /
Statement of responsibility, etc. Holly Webb
250 ## - EDITION STATEMENT
Edition statement This edition published by Scholastic Ltd, 2013
260 ## - PUBLICATION, DISTRIBUTION, ETC.
Place of publication, distribution, etc. London :
Name of publisher, distributor, etc. Scholastic,
Date of publication, distribution, etc. 2008
300 ## - PHYSICAL DESCRIPTION
Extent 185 pages :
Dimensions 20 cm
490 ## - SERIES STATEMENT
Series statement Animal Magic
505 ## - FORMATTED CONTENTS NOTE
Formatted contents note R<br/>
520 ## - SUMMARY, ETC.
Summary, etc. "What has four legs, a French accent, and fantastic magical powers? A dachshund named Sophie! She and her human, Lottie, live in a very special pet shop - one where magic springs from every corner and the animals have a lot to say. When Lottie starts a new school, the magic needs to be kept under wraps.
521 8# - TARGET AUDIENCE NOTE
Target audience note 730<br/>
Source Lexile estimate <br/>
521 8# - TARGET AUDIENCE NOTE
Target audience note R<br/>
Source Raz-Plus<br/>
650 ## - SUBJECT ADDED ENTRY--TOPICAL TERM
Source of heading or term Magic
Topical term or geographic name entry element Dog
Form subdivision Juvenile Literature
942 ## - ADDED ENTRY ELEMENTS (KOHA)
Source of classification or shelving scheme Dewey Decimal Classification
Koha item type Books
Suppress in OPAC No
Holdings
Withdrawn status Lost status Source of classification or shelving scheme Damaged status Not for loan Collection Home library Current library Shelving location Date acquired Total Checkouts Full call number Barcode Date last seen Price effective from Koha item type Copy number
    Dewey Decimal Classification     Juvenile Fiction Footprints International School Library Network Toul Kork Campus Footprints International School Library Network Toul Kork Campus TK Primary Library Room(4th Floor), Bookcase 5&6, Shelves 33-56, Orange Books 11/14/2023   WEB 823.92 PZ7 FISTKG4B052 11/14/2023 11/14/2023 Books  
    Dewey Decimal Classification     Juvenile Fiction Footprints International School Library Network Toul Tom Poung Campus Footprints International School Library Network Toul Tom Poung Campus TTP Primary Orange Bookshelves 08/08/2025   WEB 823.92 PZ7 FISSE02585 08/08/2025 08/08/2025 Books 2
    Dewey Decimal Classification     Juvenile Fiction Footprints International School Library Network Toul Tom Poung Campus Footprints International School Library Network Toul Tom Poung Campus TTP Primary Orange Bookshelves 08/08/2025   WEB 823.92 PZ7 FIS05496 08/08/2025 08/08/2025 Books 3